000 00869nam a2200229 4500
001 121886
003 ES-MaACL
005 20260301150820.0
007 t|
008 070214s1979 sp r ||||1| spa d
020 _a84-7088-239-2
100 1 _aPosada, Adolfo,
_d1860-1944
_993316
245 1 0 _aEscritos municipalistas y de la vida local /
_cAdolfo Posada ; estudio preliminar de Florentino Agustín Díez González.
260 _aMadrid :
_bInstituto de Estudios de Administración Local,
_c1979.
300 _a493 p. ;
_c22 cm.
490 1 _aAdministración y ciudadano ;
_v7
700 0 _aDíez González, Florentino-Agustín.
_944738
710 2 0 _aInstituto de Estudios de Administración Local (España)
_94893
830 0 0 _aColección Administración y ciudadano
_v7
_9184524
852 _aES-MaACL
_jL-8820
_bR.109175
999 _c121886
_d121886